Programa para la mejora de la docencia universitaria

محفوظ في:
التفاصيل البيبلوغرافية
المؤلف الرئيسي: Villar Angulo, Luis Miguel (مؤلف)
التنسيق: كتاب
اللغة:الإسبانية
منشور في: Madrid Pearson Educación 2004
الموضوعات:
الوسوم: إضافة وسم
لا توجد وسوم, كن أول من يضع وسما على هذه التسجيلة!

MARC

LEADER 00000nam a2200000 a 4500
001 UCI3588
003 CL-VaPUC
008 071116e20040000SP |||||||||||||||||spa|d
020 |a 8420543411 
082 0 4 |a 370.71  |b VIL  |2 21 
100 0 |a Villar Angulo, Luis Miguel  |e author  |9 524980 
245 1 0 |a Programa para la mejora de la docencia universitaria 
300 |a 601 p 
942 |c BK 
945 |d 20071116 00:00:00  |a jtorresc 
260 |a Madrid  |b Pearson Educación  |c 2004 
500 |a Incluye un Cd-rom 
650 0 |a Educación superior   |9 223851 
650 0 |a Métodos de enseñanza  |9 270413 
650 7 |a MATERIAL Y EQUIPO DIDACTICO  |2 CL-VaPUC  |9 390243 
650 0 |a Evaluación de la educación   |9 237505 
650 0 |a Currículo  |9 307290 
583 |a last modification  |c 20071116 00:00:00  |k Rodrigo Vera 
999 |c 327732  |d 327730 
952 |0 0  |1 0  |4 0  |6 370_710000000000000_VIL_2004  |7 0  |8 A  |9 411107  |a BIBMAT  |b BIBMAT  |c E_DIDACT  |d 2019-11-22  |i 4389905  |o 370.71 VIL 2004  |p 4389905  |r 2025-01-07  |w 2019-11-22  |y BK  |k MAT 
952 |0 0  |1 0  |4 0  |6 370_710000000000000_VIL_2004  |7 0  |8 A  |9 411108  |a BIBMAT  |b BIBMAT  |c E_DIDACT  |d 2019-11-22  |i 4389891  |o 370.71 VIL 2004  |p 4389891  |r 2025-01-07  |w 2019-11-22  |y BK  |k MAT